000 00920nam a2200253Ia 4500
003 OSt
005 20220923215059.0
006 a|||||r|||| 00| 0
007 ta
008 220922b |||||||| |||| 00| 0 hin d
024 _a175,380
037 _cTextual
040 _aARTS
_cARTS
_bhin
041 _2hin
_ahin
082 _aO152:gN, L3
100 _aरामचन्द्र प्रसाद
245 0 _aआधुनिक हिन्दी आलोचना पर पाश्चात्य प्रभाव
246 _aĀdhunik hindī ālochanā par pāshchātya prabhāva
260 _aइलाहाबाद
_b लोकभारती प्रकाशन
_c1973
300 _a575पृ.
_ccm.
650 _aहिन्दी साहित्य
_9156264
942 _hO152:gN, L3
_cTEXL
_2CC
999 _c329084
_d329084